Design and analysis of Composite Structures for Automotive Applications /

Gespeichert in:
Bibliographische Detailangaben
1. Verfasser: Kobelev, Vladimir (Verfasst von)
Format: Buch
Sprache:Englisch
Veröffentlicht: Hoboken John Wiley 2019
Schriftenreihe:Automotive Series
Tags: Tag hinzufügen
Keine Tags, Fügen Sie das erste Tag hinzu!

MARC

LEADER 00000nam a22000003a 4500
001 0080801
003 SK-STU
005 20200402111407.1
007 ta
008 200402s ----xo-----e------000-0-----d
020 |a 978-1-119-51385-8 
040 |a STU  |b slo 
041 0 |a eng 
044 |a xxu 
100 1 |a Kobelev, Vladimir  |4 aut 
245 1 0 |a Design and analysis of Composite Structures for Automotive Applications /  |c aut. Vladimir Kobelev 
260 |a Hoboken  |b John Wiley  |c 2019 
300 |a 356 s. 
490 0 |a Automotive Series 
996 |b 284M088366  |c M* 14319-1  |l MMKN  |s A  |a 24  |w 0080801_0001